Quelle chance avez-vous? - Statistiques

Statistiques générales
  • Ce quiz a été pris 4 090 fois
  • Le résultat moyen est 10 sur 20
Statistiques - réponses
Question Tuile Select % Correct
tuiles en dessous Choisissez-moi Oui
52%
tuiles en dessous Choisissez-moi Oui
52%
tuiles en dessous Choisissez-moi Oui
51%
tuiles en dessous Choisissez-moi Non
51%
tuiles en dessous Choisissez-moi Oui
51%
tuiles en dessous Choisissez-moi Oui
51%
tuiles en dessous Choisissez-moi Oui
51%
tuiles en dessous Choisissez-moi Oui
51%
tuiles en dessous Choisissez-moi Non
50%
tuiles en dessous Choisissez-moi Non
50%
tuiles en dessous Choisissez-moi Oui
50%
tuiles en dessous Choisissez-moi Non
50%
tuiles en dessous Choisissez-moi Oui
50%
tuiles en dessous Choisissez-moi Non
50%
tuiles en dessous Choisissez-moi Non
49%
tuiles en dessous Choisissez-moi Non
49%
tuiles en dessous Choisissez-moi Oui
49%
tuiles en dessous Choisissez-moi Non
49%
tuiles en dessous Choisissez-moi Non
49%
tuiles en dessous Choisissez-moi Non
49%
Aucun quiz correspondant
Distribution des résultats
% des personnes avec chaque résultat
Percentile par nombre de réponses
Votre historique - résultats
Vous n’avez pas pris ce quiz